LEADER 00917cam0-2200313---450- 001 990005000080403321 005 20090703100525.0 035 $a000500008 035 $aFED01000500008 035 $a(Aleph)000500008FED01 035 $a000500008 100 $a19990604d1960----km-y0itay50------ba 101 0 $apor 102 $aPT 105 $ay-------001yy 200 1 $aCompêndio de gramática histórica portuguesa$efonética e morfologia$fJosé Joaquim Nunes 205 $a6. ed. 210 $aLisboa$cTeixeira$d1960 215 $aXVI, 458 p.$d23 cm 610 0 $aLingua portoghese$aGrammatica storica 676 $a469.5 700 1$aNunes,$bJosé Joaquim$0395735 801 0$aIT$bUNINA$gRICA$2UNIMARC 901 $aBK 912 $a990005000080403321 952 $a469.5 NUN 1A$bIst.f.m.12661$fFLFBC 959 $aFLFBC 996 $aCompêndio de gramática histórica portuguesa$9530388 997 $aUNINA LEADER 01471nam0 22002773i 450 001 SUN0099237 005 20140929015247.570 010 $a88-14-13168-6$d0.00 100 $a20140929d2006 |0itac50 ba 101 $aita 102 $aIT 105 $a|||| ||||| 200 1 $aˆL'‰indipendenza dello Stato e delle confessioni religiose$econtributo allo studio del principio di distinzione degli ordini nell'ordinamento italiano$fJlia Pasquali Cerioli 210 $aMilano$cA. Giuffrè$d2006 215 $aVII, 205 p.$d25 cm. 410 1$1001SUN0005027$12001 $aPubblicazioni di diritto ecclesiastico$fUniversità degli studi di Milano, Facoltà di giurisprudenza$v21$1210 $aMilano$cGiuffrè. 606 $aChiesa e Stato$xItalia$2SG$3SUNC030100 620 $dMilano$3SUNL000284 700 1$aPasquali Cerioli$b, Jlia$3SUNV078057$0502770 712 $aGiuffrè$3SUNV001757$4650 801 $aIT$bSOL$c20181231$gRICA 856 4 $uhttp://books.google.it/books?id=J9Uhgi4Sg4cC&pg=PA162&lpg=PA162&dq=L%27*indipendenza+dello+Stato+e+delle+confessioni+religiose+:+contributo+allo+studio+del+principio+di+distinzione+degli+ordini+nell%27ordinamento+italiano+/+Jlia+Pasquali+Ce 912 $aSUN0099237 950 $aUFFICIO DI BIBLIOTECA DEL DIPARTIMENTO DI GIURISPRUDENZA$d00CONS XII.Ef.44 $e00DG 2811 20140929 996 $aIndipendenza dello stato e delle confessioni religiose$91029947 997 $aUNICAMPANIA